[Event "2nd Irena Warakomska Memorial-A"]
[Site "Suwalki"]
[Date "2018.08.02"]
[Round "2"]
[White "Dmochowska, Agnieszka"]
[Black "Sowul, Bartosz"]
[Result "1/2-1/2"]
[WhiteElo "2096"]
[BlackElo "2257"]
[Annotator "NA RC"]
[PlyCount "120"]
[EventDate "2018.08.01"]
[EventType "swiss"]
[EventCountry "POL"]
[SourceTitle "playchess.com"]
[Source "ChessBase"]
[SourceQuality "1"]
[TimeControl "40/5400+30:1800+30"]

1. e4 {[%emt 0:00:00]} c5 {[%emt 0:00:00]} 2. Nf3 {[%emt 0:00:00]} g6 {[%emt 0:00:00]} 3. d4 {[%emt 0:00:00]} cxd4 {[%emt 0:00:00]} 4. Nxd4 {[%emt 0:00:00]} Bg7 {[%emt 0:00:00]} 5. c4 {[%emt 0:00:01]} Nc6 {[%emt 0:00:06]} 6. Nc2 e6 {[%emt 0:00:58] B37: Sicilian: Maroczy Bind with 5...Bg7, sidelines} (6... d6 7. Be2 Nf6 8. Nc3 O-O 9. O-O Be6 10. Bd2 Nd7 11. Rc1 Nc5 12. b4 Bxc3 13. Bxc3 Nxe4 14. Ba1 a5 15. b5 Ne5 16. Qd4 Nf6 17. Ne3 Ned7 18. Bf3 {1-0 (33) Aronian,L (2785)-Flores,D (2579) Doha 2016}) 7. Be2 {[%emt 0:04:32]} Nge7 {[%emt 0:02:30]} 8. Nc3 {[%emt 0:09:47]} f5 {[%emt 0:06:11]} 9. Qd3 $146 {[%emt 0:03:58]} ({Predecessor:} 9. h4 fxe4 10. Nxe4 d5 11. Ng3 O-O 12. h5 Qb6 13. O-O Be5 14. cxd5 exd5 {½-½ (49) Rapoport,V (2254)-Lueders,G (2229) Sottrum 2005}) 9... fxe4 {[%emt 0:01:04]} 10. Nxe4 {[%emt 0:02:02]} d5 {[%emt 0:14:12]} 11. Ng5 {[%emt 0:04:45]} Ne5 {[%emt 0:10:46]} 12. Qb3 {[%emt 0:00:17]} O-O {[%emt 0:05:36]} 13. O-O dxc4 14. Bxc4 {[%emt 0:03:13]} Nxc4 {[%emt 0:00:42]} 15. Qxc4 {[%emt 0:04:37]} Qd5 {[%emt 0:15:14]} 16. Qe2 {[%emt 0:07:51]} Qf5 {[%emt 0:01:28]} 17. Nf3 {[%emt 0:04:47]} Nc6 {[%emt 0:03:16]} 18. Ne3 {[%emt 0:03:08]} Qh5 {[%emt 0:12:31]} 19. Nc4 e5 {[%emt 0:01:10]} 20. Nd6 {[%emt 0:04:06]} Be6 {[%emt 0:04:50]} 21. Ne4 {[%emt 0:23:14]} h6 {[%emt 0:00:57]} 22. Bd2 Kh8 23. Ng3 {[%emt 0:04:11]} Qg4 {[%emt 0:00:38]} 24. h3 {[%emt 0:01:18]} Qc4 {[%emt 0:01:52]} 25. Qxc4 {[%emt 0:04:09]} Bxc4 {[%emt 0:00:07]} 26. Rfe1 {[%emt 0:00:03]} Bd5 {[%emt 0:04:30]} 27. Ne4 {[%emt 0:00:20]} Nd4 {[%emt 0:01:04]} 28. Nxd4 {[%emt 0:02:12]} exd4 {[%emt 0:00:06]} 29. Nd6 {[%emt 0:02:24]} Rad8 {[%emt 0:07:10]} 30. Bb4 {[%emt 0:01:21]} a5 {[%emt 0:01:11]} 31. Ba3 {[%emt 0:02:33]} Rf6 {[%emt 0:01:23]} 32. Ne8 {[%emt 0:03:03]} Re6 {[%emt 0:03:16]} 33. Nxg7 {[%emt 0:01:31]} Kxg7 {[%emt 0:00:17]} 34. b3 {[%emt 0:01:25]} Kf7 {[%emt 0:02:16]} 35. f3 {[%emt 0:04:51]} g5 {[%emt 0:01:29]} (35... d3 $5 {[%cal Rd3d2]} 36. Rxe6 Bxe6 $15) 36. Rad1 {[%emt 0:02:48]} d3 37. Kf2 {[%emt 0:05:01]} Rxe1 {[%emt 0:01:21]} 38. Rxe1 {[%emt 0:00:27]} Be6 {[%emt 0:00:45]} 39. Rd1 {[%emt 0:01:35]} a4 {[%emt 0:01:21]} 40. Ke3 {[%emt 0:00:00]} axb3 {[%emt 0:00:00]} 41. axb3 {[%emt 0:01:06]} Ra8 {[%emt 0:07:23]} 42. Bc5 {[%emt 0:03:34]} Bf5 {[%emt 0:01:18]} 43. Rd2 {[%emt 0:00:40]} Ke6 {[%emt 0:00:15]} 44. g4 {[%emt 0:03:22]} Bg6 45. Kf2 {[%emt 0:10:39]} Kd5 {[%emt 0:04:59]} 46. Be3 {[%emt 0:00:12]} Ra3 {[%emt 0:02:20]} 47. Rb2 {[%emt 0:01:00]} Ra1 {[%emt 0:03:19]} 48. f4 {[%emt 0:01:17]} gxf4 {[%emt 0:04:08]} 49. Bxf4 {[%emt 0:00:01]} h5 50. gxh5 {[%emt 0:00:35]} Bxh5 {[%emt 0:00:59]} 51. Ke3 {[%emt 0:00:51]} Be2 {[%emt 0:05:03]} 52. h4 {[%emt 0:01:21]} Rf1 {[%emt 0:05:33]} 53. Bg5 {[%emt 0:01:00]} Rf3+ {[%emt 0:01:36]} 54. Kd2 {[%emt 0:03:55]} Rf5 {[%emt 0:03:06]} 55. Ra2 {[%emt 0:05:09]} b5 {[%emt 0:01:07]} 56. Ra1 $11 {[%emt 0:00:54]} Ke4 {[%emt 0:02:19]} 57. Rc1 {[%emt 0:01:17]} Rf2 {[%emt 0:01:27]} 58. Kc3 {[%emt 0:01:08]} Bg4 59. Re1+ {[%emt 0:00:24]} Be2 {[%emt 0:00:41]} 60. Rc1 Bg4 1/2-1/2

[Event "2nd Irena Warakomska Memorial-A"]
[Site "Suwalki"]
[Date "2018.08.02"]
[Round "2"]
[White "Sliwerski, Radoslaw"]
[Black "Kumala, Aleksander"]
[Result "0-1"]
[WhiteElo "1990"]
[BlackElo "2238"]
[Annotator "NA"]
[PlyCount "56"]
[EventDate "2018.08.01"]
[EventType "swiss"]
[EventCountry "POL"]
[SourceTitle "playchess.com"]
[Source "ChessBase"]
[SourceQuality "1"]
[TimeControl "40/5400+30:1800+30"]

1. d4 {[%emt 0:01:16]} f5 {[%emt 0:00:00]} 2. c4 {[%emt 0:00:05]} Nf6 {[%emt 0:00:00]} 3. g3 {[%emt 0:00:09]} g6 {[%emt 0:00:00]} 4. Bg2 {[%emt 0:00:19]} Bg7 {[%emt 0:00:00]} 5. Nc3 {[%emt 0:00:12]} d6 {[%emt 0:00:05]} 6. Nf3 {[%emt 0:00:05]} O-O {[%emt 0:00:06]} 7. O-O {[%emt 0:00:03]} Qe8 {[%emt 0:00:07]} 8. d5 {[%emt 0:00:25]} Na6 {[%emt 0:00:07]} 9. Qb3 {[%emt 0:09:19]} Nc5 {[%emt 0:02:09]} 10. Qa3 {[%emt 0:02:17]} Nce4 {[%emt 0:02:17]} 11. Nxe4 {[%emt 0:02:59]} Nxe4 {[%emt 0:00:11]} 12. Be3 {[%emt 0:04:58]} c5 {[%emt 0:03:49]} 13. dxc6 {[%emt 0:03:25]} bxc6 {[%emt 0:00:16]} 14. Nd2 {[%emt 0:14:28]} d5 {[%emt 0:09:59]} 15. Nxe4 {[%emt 0:09:02]} fxe4 {[%emt 0:00:25]} 16. Bc5 {[%emt 0:03:10]} Rf7 {[%emt 0:03:27]} 17. f3 exf3 {[%emt 0:11:02]} 18. Rxf3 {[%emt 0:12:02]} e5 {[%emt 0:03:01]} 19. cxd5 {[%emt 0:10:04]} cxd5 {[%emt 0:00:53]} 20. Rd3 {[%emt 0:01:39]} e4 {[%emt 0:03:02]} 21. Rxd5 {[%emt 0:00:46]} Bb7 {[%emt 0:03:24]} 22. Rd2 {[%emt 0:01:30]} Rc8 {[%emt 0:03:19]} 23. Bh3 {[%emt 0:03:36]} e3 {[%emt 0:00:57]} 24. Bxc8 {[%emt 0:06:42]} exd2 {[%emt 0:06:02]} 25. Bxb7 {[%emt 0:01:23]} Qxe2 {[%emt 0:00:12]} 26. h4 {[%emt 0:02:44]} d1=Q+ {[%emt 0:00:53]} 27. Rxd1 {[%emt 0:00:05]} Qxd1+ {[%emt 0:00:06]} 28. Kh2 {[%emt 0:00:04]} Rxb7 {[%emt 0:00:10]} 0-1

[Event "2nd Irena Warakomska Memorial-A"]
[Site "Suwalki"]
[Date "2018.08.03"]
[Round "3"]
[White "Socko, Bartosz"]
[Black "Omelja, Artem"]
[Result "1/2-1/2"]
[WhiteElo "2611"]
[BlackElo "2431"]
[Annotator "ChessBase"]
[PlyCount "83"]
[EventDate "2018.08.01"]
[EventType "swiss"]
[EventCountry "POL"]
[SourceTitle "playchess.com"]
[Source "ChessBase"]
[SourceQuality "1"]
[TimeControl "40/5400+30:1800+30"]

1. e4 {[%emt 0:00:00]} e5 {[%emt 0:01:41]} 2. Nf3 {[%emt 0:00:00]} Nc6 {[%emt 0:00:08]} 3. Bb5 {[%emt 0:00:00]} Nf6 {[%emt 0:00:13]} 4. O-O {[%emt 0:00:00]} Nxe4 {[%emt 0:00:10]} 5. Re1 {[%emt 0:00:00]} Nd6 {[%emt 0:00:11]} 6. Nxe5 {[%emt 0:00:03]} Be7 {[%emt 0:00:18]} 7. Bf1 {[%emt 0:00:07]} Nxe5 {[%emt 0:00:34]} 8. Rxe5 {[%emt 0:00:08]} O-O {[%emt 0:00:25]} 9. Nc3 {[%emt 0:00:03]} Ne8 {[%emt 0:02:21]} 10. Nd5 {[%emt 0:00:10]} Bd6 {[%emt 0:00:26]} 11. Re1 {[%emt 0:00:06]} c6 {[%emt 0:01:17]} 12. Ne3 {[%emt 0:00:07]} Be7 {[%emt 0:01:03]} 13. c4 {[%emt 0:00:07]} Nc7 {[%emt 0:01:11]} 14. d4 {[%emt 0:07:22]} d5 {[%emt 0:00:22]} 15. cxd5 {[%emt 0:00:12]} Bb4 {[%emt 0:00:43]} 16. Bd2 {[%emt 0:01:46]} Bxd2 {[%emt 0:00:17]} 17. Qxd2 {[%emt 0:00:06]} Nxd5 {[%emt 0:00:08]} 18. Nxd5 {[%emt 0:02:18]} Qxd5 {[%emt 0:00:25]} 19. Re5 {[%emt 0:00:34]} Qd6 {[%emt 0:00:38]} 20. Bc4 {[%emt 0:00:16]} Bd7 {[%emt 0:02:56]} 21. Rae1 {[%emt 0:04:29]} Rae8 {[%emt 0:03:15]} 22. Qf4 {[%emt 0:03:33]} Rxe5 {[%emt 0:00:39]} 23. dxe5 {[%emt 0:00:10]} Qe7 {[%emt 0:02:36]} 24. a3 {[%emt 0:08:29]} Be6 {[%emt 0:03:11]} 25. Bxe6 {[%emt 0:01:10]} Qxe6 {[%emt 0:00:39]} 26. Qd4 {[%emt 0:00:26]} b6 {[%emt 0:02:18]} 27. f4 {[%emt 0:00:17]} c5 {[%emt 0:19:34]} 28. Qd2 {[%emt 0:01:59]} Re8 {[%emt 0:06:53]} 29. h3 {[%emt 0:02:48]} g6 {[%emt 0:01:09]} 30. Rd1 {[%emt 0:01:02]} f6 {[%emt 0:01:46]} 31. Re1 {[%emt 0:03:19]} Qf7 {[%emt 0:04:44]} 32. Re3 {[%emt 0:01:43]} fxe5 {[%emt 0:01:03]} 33. fxe5 {[%emt 0:00:42]} Qe6 {[%emt 0:01:19]} 34. Kh2 {[%emt 0:03:50]} Kg7 {[%emt 0:02:37]} 35. Re1 {[%emt 0:01:20]} Re7 {[%emt 0:00:39]} 36. Kh1 {[%emt 0:01:50]} Rd7 {[%emt 0:04:25]} 37. Qe3 {[%emt 0:01:17]} Re7 {[%emt 0:01:23]} 38. Qg5 {[%emt 0:03:00]} Rf7 {[%emt 0:03:21]} 39. Qg3 {[%emt 0:00:27]} Re7 {[%emt 0:01:29]} 40. Qg5 {[%emt 0:00:00]} Rf7 {[%emt 0:00:00]} 41. Qg3 {[%emt 0:05:59]} Re7 {[%emt 0:00:44]} 42. Qg5 {[%emt 0:00:09]} 1/2-1/2

[Event "2nd Irena Warakomska Memorial-A"]
[Site "Suwalki"]
[Date "2018.08.03"]
[Round "3"]
[White "Ovsejevitsch, Sergei"]
[Black "Matviishen, Viktor"]
[Result "0-1"]
[WhiteElo "2597"]
[BlackElo "2437"]
[Annotator "ChessBase"]
[PlyCount "102"]
[EventDate "2018.08.01"]
[EventType "swiss"]
[EventCountry "POL"]
[SourceTitle "playchess.com"]
[Source "ChessBase"]
[SourceQuality "1"]
[TimeControl "40/5400+30:1800+30"]

1. c4 {[%emt 0:13:54]} Nf6 {[%emt 0:00:00]} 2. Nc3 {[%emt 0:00:33]} c5 {[%emt 0:00:00]} 3. Nf3 {[%emt 0:00:19]} Nc6 {[%emt 0:00:06]} 4. d4 {[%emt 0:00:29]} cxd4 {[%emt 0:00:07]} 5. Nxd4 {[%emt 0:00:05]} e6 {[%emt 0:00:20]} 6. a3 {[%emt 0:00:22]} d5 {[%emt 0:05:13]} 7. cxd5 {[%emt 0:00:41]} exd5 {[%emt 0:00:08]} 8. Bg5 {[%emt 0:02:16]} Be7 {[%emt 0:00:11]} 9. e3 {[%emt 0:00:55]} O-O {[%emt 0:00:46]} 10. Be2 {[%emt 0:01:06]} h6 {[%emt 0:00:08]} 11. Bh4 {[%emt 0:03:04]} Be6 {[%emt 0:08:16]} 12. O-O {[%emt 0:02:49]} Qd7 {[%emt 0:00:22]} 13. Qa4 {[%emt 0:04:09]} a6 {[%emt 0:02:53]} 14. Rad1 {[%emt 0:03:27]} b5 {[%emt 0:05:39]} 15. Qb3 {[%emt 0:10:40]} Rac8 {[%emt 0:02:20]} 16. Nxc6 {[%emt 0:10:48]} Qxc6 {[%emt 0:00:20]} 17. Bf3 {[%emt 0:19:41]} Qc4 {[%emt 0:24:17]} 18. Qxc4 {[%emt 0:00:37]} Rxc4 {[%emt 0:00:02]} 19. Bg3 {[%emt 0:12:36]} Bxa3 {[%emt 0:01:32]} 20. Nxb5 {[%emt 0:00:10]} Bxb2 {[%emt 0:00:28]} 21. Rb1 {[%emt 0:02:12]} Rc2 {[%emt 0:00:49]} 22. Nc7 {[%emt 0:01:40]} a5 {[%emt 0:01:59]} 23. Nxe6 fxe6 {[%emt 0:00:01]} 24. Bd1 {[%emt 0:00:55]} Rd2 {[%emt 0:00:01]} 25. f3 {[%emt 0:00:55]} Bc3 {[%emt 0:01:29]} 26. Rb6 {[%emt 0:02:33]} e5 {[%emt 0:17:16]} 27. Rc6 {[%emt 0:02:40]} Bb2 {[%emt 0:00:01]} 28. Ra6 {[%emt 0:02:57]} Ng4 {[%emt 0:01:17]} 29. Bb3 {[%emt 0:01:18]} Nxe3 {[%emt 0:00:12]} 30. Rf2 {[%emt 0:00:17]} Rxf2 {[%emt 0:01:45]} 31. Bxf2 {[%emt 0:00:05]} Rb8 {[%emt 0:00:58]} 32. Ba4 {[%emt 0:01:09]} Nc4 {[%emt 0:01:01]} 33. Bc6 {[%emt 0:00:32]} Rd8 {[%emt 0:00:15]} 34. Ra8 {[%emt 0:00:28]} Rxa8 {[%emt 0:00:05]} 35. Bxd5+ {[%emt 0:00:03]} Kf8 {[%emt 0:00:19]} 36. Bxa8 {[%emt 0:00:02]} Bd4 {[%emt 0:00:11]} 37. Kf1 {[%emt 0:01:14]} Bxf2 {[%emt 0:00:09]} 38. Kxf2 {[%emt 0:00:03]} Nb6 {[%emt 0:00:19]} 39. Be4 {[%emt 0:00:26]} Ke7 {[%emt 0:00:03]} 40. Ke3 {[%emt 0:00:00]} Kd6 {[%emt 0:00:00]} 41. Bc2 {[%emt 0:05:21]} a4 {[%emt 0:03:36]} 42. Ke4 {[%emt 0:00:45]} a3 {[%emt 0:01:29]} 43. Bb3 {[%emt 0:00:24]} g6 {[%emt 0:00:05]} 44. Bf7 {[%emt 0:02:01]} Kc5 {[%emt 0:01:43]} 45. Ba2 {[%emt 0:01:58]} Nc4 {[%emt 0:00:33]} 46. h4 {[%emt 0:05:55]} Kb4 {[%emt 0:00:34]} 47. Kd3 {[%emt 0:00:43]} Nd6 {[%emt 0:00:08]} 48. g4 {[%emt 0:00:23]} g5 {[%emt 0:01:16]} 49. hxg5 {[%emt 0:00:15]} hxg5 {[%emt 0:00:01]} 50. Bg8 {[%emt 0:01:46]} Kc5 {[%emt 0:02:30]} 51. Ba2 {[%emt 0:00:52]} Nb5 {[%emt 0:00:13] Kd4+} 0-1

[Event "2nd Irena Warakomska Memorial-A"]
[Site "Suwalki"]
[Date "2018.08.03"]
[Round "3"]
[White "Sadzikowski, Daniel"]
[Black "Lewtak, Damian"]
[Result "1/2-1/2"]
[WhiteElo "2575"]
[BlackElo "2369"]
[Annotator "TA"]
[PlyCount "118"]
[EventDate "2018.08.01"]
[EventType "swiss"]
[EventCountry "POL"]
[SourceTitle "playchess.com"]
[Source "ChessBase"]
[SourceQuality "1"]

{[%evp 12,118,7,-13,9,-1,8,13,34,33,50,36,60,27,27,29,35,16,31,23,34,34,46,3,21,7,49,5,21,22,49,27,47,33,79,44,62,18,21,32,40,33,39,17,17,13,33,0,1,0,7,14,14,0,15,0,0,0,0,0,0,-10,-11,-10,8,8,8,8,27,0,0,0,0,0,0,0,0,0,0,0,0,-8,0,0,0,0,0,-1,0,-8,-5,-5,-6,-12,0,0,0,0,0,0,0,0,0,0,0,0,0,0,0]} 1. Nf3 Nf6 2. c4 g6 3. b3 Bg7 4. Bb2 d6 5. g3 e5 6. d3 O-O 7. Bg2 {LiveBook: 102 Games} Bg4 {A15: English Opening: 1...Nf6} (7... Re8 8. O-O c6 9. Nbd2 h6 10. a3 Be6 11. Ne4 Nxe4 12. dxe4 a5 13. Qc2 Nd7 14. Ne1 a4 15. b4 Nb6 16. c5 dxc5 17. bxc5 {1-0 (44) Salgado Lopez,I (2644)-Mamedyarov,S (2799) Riadh 2017}) 8. h3 $146 ({Predecessor:} 8. O-O Qc8 9. Re1 Bh3 10. Bh1 Ng4 11. Ng5 Nf6 12. Nxh3 Qxh3 13. Bg2 Qc8 14. Bxe5 dxe5 15. Nd2 {1-0 (60) Kniazev,A-Fedorishin,E Ukraine 2000}) 8... Bxf3 9. Bxf3 Nc6 {[%cal Bb8c6,Bc6e7,Be7f5][%mdl 32]} 10. Nc3 a5 11. e3 Qd7 12. a3 Rfe8 13. Qd2 Rab8 14. Kf1 Ne7 15. Kg2 d5 16. Rhd1 b6 17. d4 e4 18. Be2 Nf5 19. Nxd5 Nxd5 20. cxd5 Bf8 21. a4 {White wants to play Bb5.} Qxd5 22. Bc4 Qd8 23. Qe2 Bd6 24. Ba3 Bxa3 25. Rxa3 Qf6 26. Ra2 h5 27. Rc2 c6 28. Qe1 Rbd8 29. Be2 h4 {Strongly threatening ...hxg3.} 30. g4 Ne7 31. b4 axb4 32. Qxb4 Nd5 33. Qe1 Ra8 34. Rdc1 Re6 35. Rc4 Rd6 36. Qd1 {[#]} c5 $1 {[%mdl 512] White must now prevent ...cxd4.} 37. Kg1 $1 (37. dxc5 Nxe3+) 37... Rad8 38. Qf1 cxd4 39. Rxd4 Qe5 40. Bc4 Nf6 {The position is equal.} 41. Rxd6 Rxd6 42. Qe1 Kg7 43. Bf1 Nh7 44. Qc3 Qxc3 45. Rxc3 $11 {[%mdl 4096] Endgame KRB-KRN} Ng5 46. Bg2 f5 47. gxf5 gxf5 48. Rb3 Kf6 49. Rb5 Rc6 50. a5 bxa5 51. Rxa5 Rd6 52. Ra8 Nf7 53. f4 exf3 54. Bxf3 Ng5 55. Bg2 Rd1+ 56. Kf2 Rd2+ 57. Kf1 Nf7 58. Ra4 Kg5 59. e4 fxe4 {Precision: White = 50%, Black = 43%.} 1/2-1/2

[Event "2nd Irena Warakomska Memorial-A"]
[Site "Suwalki"]
[Date "2018.08.03"]
[Round "3"]
[White "Markowski, Tomasz"]
[Black "Sliwicki, Damian"]
[Result "1-0"]
[WhiteElo "2562"]
[BlackElo "2220"]
[Annotator "ChessBase"]
[PlyCount "117"]
[EventDate "2018.08.01"]
[EventType "swiss"]
[EventCountry "POL"]
[SourceTitle "playchess.com"]
[Source "ChessBase"]
[SourceQuality "1"]
[TimeControl "40/5400+30:1800+30"]

1. c4 {[%emt 0:00:00]} Nf6 {[%emt 0:00:00]} 2. g3 {[%emt 0:00:00]} c5 {[%emt 0:06:41]} 3. Bg2 {[%emt 0:00:00]} Nc6 {[%emt 0:00:08]} 4. Nc3 {[%emt 0:00:00]} e6 {[%emt 0:00:17]} 5. Nf3 {[%emt 0:00:22]} Be7 {[%emt 0:13:51]} 6. O-O {[%emt 0:01:54]} O-O {[%emt 0:00:03]} 7. d4 {[%emt 0:00:21]} d5 {[%emt 0:08:10]} 8. cxd5 {[%emt 0:00:29]} Nxd5 {[%emt 0:01:26]} 9. Nxd5 {[%emt 0:01:08]} exd5 {[%emt 0:04:29]} 10. dxc5 {[%emt 0:00:09]} Bxc5 {[%emt 0:00:09]} 11. Ng5 {[%emt 0:00:48]} Bd4 {[%emt 0:10:01]} 12. Nh3 {[%emt 0:00:26]} Bxh3 {[%emt 0:03:44]} 13. Bxh3 {[%emt 0:00:12]} Re8 {[%emt 0:02:11]} 14. Bg2 {[%emt 0:02:08]} Bf6 {[%emt 0:10:51]} 15. Bxd5 {[%emt 0:06:18]} Nb4 {[%emt 0:06:02]} 16. Bxb7 {[%emt 0:18:08]} Qxd1 {[%emt 0:00:10]} 17. Rxd1 {[%emt 0:00:05]} Rab8 {[%emt 0:00:06]} 18. Bf3 {[%emt 0:01:45]} Nc2 {[%emt 0:00:12]} 19. Rb1 {[%emt 0:00:26]} Na3 {[%emt 0:05:23]} 20. Bf4 {[%emt 0:00:27]} Nxb1 {[%emt 0:00:29]} 21. Bxb8 {[%emt 0:00:04]} Rxb8 {[%emt 0:00:37]} 22. Rxb1 {[%emt 0:00:06]} Rxb2 {[%emt 0:01:27]} 23. Rc1 {[%emt 0:00:08]} g6 {[%emt 0:01:57]} 24. Rc8+ {[%emt 0:06:45]} Kg7 {[%emt 0:00:06]} 25. Rc7 {[%emt 0:00:04]} Bd4 {[%emt 0:07:42]} 26. a4 {[%emt 0:01:09]} Bb6 {[%emt 0:01:32]} 27. Rc4 {[%emt 0:03:39]} Rd2 {[%emt 0:00:14]} 28. e3 {[%emt 0:01:10]} Rd7 {[%emt 0:00:56]} 29. h4 {[%emt 0:01:30]} h6 {[%emt 0:00:52]} 30. Kg2 {[%emt 0:00:28]} Rd6 {[%emt 0:01:03]} 31. Bc6 {[%emt 0:00:36]} Rf6 {[%emt 0:01:00]} 32. g4 {[%emt 0:02:42]} Re6 {[%emt 0:00:29]} 33. Bd5 {[%emt 0:03:14]} Rd6 {[%emt 0:00:27]} 34. e4 {[%emt 0:03:19]} Rd7 {[%emt 0:00:25]} 35. f4 {[%emt 0:01:25]} f5 {[%emt 0:02:27]} 36. gxf5 {[%emt 0:07:05]} gxf5 {[%emt 0:00:08]} 37. Rc6 {[%emt 0:05:25]} fxe4 {[%emt 0:07:54]} 38. Bxe4 {[%emt 0:00:29]} Rd4 {[%emt 0:00:40]} 39. Kf3 {[%emt 0:00:24]} Rxa4 {[%emt 0:00:22]} 40. Rg6+ {[%emt 0:00:00]} Kf7 {[%emt 0:00:00]} 41. Rxh6 {[%emt 0:01:40]} Ra1 {[%emt 0:04:54]} 42. h5 {[%emt 0:04:15]} Rf1+ {[%emt 0:13:26]} 43. Kg4 {[%emt 0:00:16]} Rg1+ {[%emt 0:00:46]} 44. Kf5 {[%emt 0:00:35]} Rf1 {[%emt 0:00:11]} 45. Rf6+ {[%emt 0:04:20]} Ke7 {[%emt 0:01:52]} 46. Re6+ {[%emt 0:00:17]} Kf8 {[%emt 0:02:59]} 47. Kg4 {[%emt 0:06:50]} Rg1+ {[%emt 0:04:26]} 48. Kh3 {[%emt 0:01:05]} Bd4 {[%emt 0:05:01]} 49. h6 {[%emt 0:01:36]} a5 {[%emt 0:04:36]} 50. Rd6 {[%emt 0:03:16]} Bc3 {[%emt 0:00:35]} 51. Rc6 {[%emt 0:02:18]} Bd4 {[%emt 0:00:14]} 52. h7 {[%emt 0:01:41]} Re1 {[%emt 0:00:32]} 53. Rc8+ {[%emt 0:01:41]} Ke7 {[%emt 0:00:17]} 54. Bf3 {[%emt 0:01:28]} Rf1 {[%emt 0:01:32]} 55. Kg4 {[%emt 0:00:29]} Rg1+ {[%emt 0:00:37]} 56. Kf5 {[%emt 0:00:22]} Rg3 {[%emt 0:00:47]} 57. Ke4 {[%emt 0:00:56]} Rh3 {[%emt 0:00:31]} 58. Kxd4 {[%emt 0:00:10]} Rxh7 {[%emt 0:00:07]} 59. Rc7+ {[%emt 0:00:13]} 1-0

[Event "2nd Irena Warakomska Memorial-A"]
[Site "Suwalki"]
[Date "2018.08.03"]
[Round "3"]
[White "Fedorov, Alexei"]
[Black "Debarshi, Mukherjee"]
[Result "1-0"]
[WhiteElo "2561"]
[BlackElo "2308"]
[Annotator "TA"]
[PlyCount "81"]
[EventDate "2018.08.01"]
[EventType "swiss"]
[EventCountry "POL"]
[SourceTitle "playchess.com"]
[Source "ChessBase"]
[SourceQuality "1"]

{[%evp 21,81,-13,-17,-53,-38,-24,-15,-20,-10,-37,-9,-18,1,11,37,29,39,41,36,43,43,33,64,32,30,11,44,0,0,0,0,7,1,0,0,0,24,4,18,21,125,57,62,50,201,197,190,190,191,192,237,239,269,239,234,254,230,227,225,159,29997,29998]} 1. e4 c5 2. g3 d5 3. exd5 Qxd5 4. Nf3 Bg4 5. Bg2 Qe6+ 6. Kf1 Nc6 7. h3 Bh5 8. d3 Qd7 9. Nc3 Nf6 {B20: Sicilian: Unusual White 2nd moves} 10. g4 Bg6 11. Nh4 (11. g5 Nd5 12. Nxd5 Qxd5 13. Qe1 O-O-O 14. Nh4 Qd6 15. Nxg6 hxg6 16. h4 e6 {½-½ (48) Savchenko,B (2615)-Maletin,P (2575) St Petersburg 2011}) 11... e6 {LiveBook: 3 Games. The position is equal.} 12. a4 {[%cal Ba2a4,Ba4a5][%mdl 32]} Rd8 13. Nxg6 hxg6 14. a5 $146 ({Predecessor:} 14. b3 Be7 15. a5 a6 16. Bd2 Nd4 {0-1 (40) Manicuta,M (2133)-Ionica,I (2203) Curtea de Arges 2002}) 14... c4 15. g5 Nh5 ({Reject} 15... cxd3 $6 16. gxf6 d2 17. Bxd2 $16) 16. Be3 cxd3 (16... Bb4 {seems wilder.} 17. dxc4 Qc8 18. Qf3 Bxa5 19. Ne4 Bb6) 17. Qxd3 Qxd3+ (17... Qc8 {with more complications.} 18. Qc4 a6 19. h4 Be7 20. Bb6 Rd7) 18. cxd3 {[#] And now a6 would win.} a6 ({Don't play} 18... Rxd3 $6 19. a6 $16) 19. d4 Bd6 20. d5 exd5 21. Nxd5 O-O 22. Ra4 {[%cal Ba1a4,Ba4e4,Be4e1,Be1e8][%mdl 32]} Rfe8 23. h4 Bb8 {Black wants to play ...Re5.} 24. Bb6 Rd7 25. Re4 Re6 {[%cal Be8e6,Be6d6,Bd6d2][%mdl 32]} 26. Re1 Red6 27. Nc3 Nf4 $1 28. Bf3 Rd2 29. Re8+ Kh7 {Hoping for ...Ne5.} 30. h5 {Threatens to win with Be3.} gxh5 (30... Ne5 $1 $11 {remains equal.} 31. hxg6+ Kxg6 32. Be4+ Kxg5) 31. Be3 (31. Rh4 $16) 31... Rd8 $14 32. Re4 $1 $40 {[%mdl 128] White mounts an attack.} R2d3 $2 (32... R2d4 $1 $14) 33. Rxf4 $18 ({Not} 33. Bxf4 Rxf3 34. Bxb8 Rxb8 $17) 33... Bxf4 34. Be4+ Kg8 35. Bxf4 R3d4 36. Rxh5 Rb4 37. Bc7 Rd2 38. g6 {[%cal Bg5g6,Bg6f7][%mdl 32] Strongly threatening Rh8+!} Rbxb2 39. Bd5 Rxf2+ 40. Kg1 Rfc2 $2 {[#]} (40... Ne7 $16) 41. gxf7+ {Precision: White = 62%, Black = 33%.} 1-0

[Event "2nd Irena Warakomska Memorial-A"]
[Site "Suwalki"]
[Date "2018.08.03"]
[Round "3"]
[White "Czarnota, Pawel"]
[Black "Caspi, Israel"]
[Result "0-1"]
[WhiteElo "2548"]
[BlackElo "2454"]
[Annotator "ChessBase"]
[PlyCount "56"]
[EventDate "2018.08.01"]
[EventType "swiss"]
[EventCountry "POL"]
[SourceTitle "playchess.com"]
[Source "ChessBase"]
[SourceQuality "1"]
[TimeControl "40/5400+30:1800+30"]

1. e4 {[%emt 0:00:00]} e5 {[%emt 0:00:00]} 2. Nf3 {[%emt 0:00:58]} Nf6 {[%emt 0:00:00]} 3. Nxe5 {[%emt 0:00:56]} d6 {[%emt 0:00:00]} 4. Nf3 {[%emt 0:00:06]} Nxe4 {[%emt 0:00:00]} 5. Bd3 {[%emt 0:02:39]} d5 {[%emt 0:05:35]} 6. O-O {[%emt 0:01:13]} Be7 {[%emt 0:00:15]} 7. Re1 {[%emt 0:02:08]} Nd6 {[%emt 0:00:29]} 8. Nc3 {[%emt 0:05:21]} c6 {[%emt 0:04:59]} 9. Qe2 {[%emt 0:00:13]} Nd7 {[%emt 0:07:17]} 10. b4 {[%emt 0:06:09]} Nf8 {[%emt 0:12:51]} 11. b5 {[%emt 0:06:25]} Ne6 {[%emt 0:04:27]} 12. bxc6 {[%emt 0:00:42]} bxc6 {[%emt 0:00:05]} 13. Ne5 {[%emt 0:01:51]} Qc7 {[%emt 0:00:42]} 14. Ba3 {[%emt 0:14:11]} O-O {[%emt 0:09:57]} 15. Rab1 {[%emt 0:05:12]} Nf4 {[%emt 0:22:13]} 16. Qf3 {[%emt 0:03:50]} Nxd3 {[%emt 0:00:07]} 17. Qxd3 {[%emt 0:04:14]} Be6 {[%emt 0:08:54]} 18. Qa6 {[%emt 0:02:34]} Rfc8 {[%emt 0:04:50]} 19. d4 {[%emt 0:01:55]} Bf8 {[%emt 0:04:38]} 20. Na4 {[%emt 0:06:34]} Bf5 {[%emt 0:00:53]} 21. Bxd6 {[%emt 0:10:53]} Qxd6 {[%emt 0:00:11]} 22. Nc5 {[%emt 0:04:32]} Bxc2 {[%emt 0:01:40]} 23. Rb7 {[%emt 0:00:40]} Bg6 {[%emt 0:07:07]} 24. Rxa7 {[%emt 0:02:42]} Rxa7 {[%emt 0:00:59]} 25. Qxc8 {[%emt 0:02:34]} Rxa2 {[%emt 0:00:47]} 26. g3 {[%emt 0:03:36]} Be4 {[%emt 0:01:06]} 27. f3 {[%emt 0:00:33]} Qh6 {[%emt 0:00:25]} 28. Ng4 {[%emt 0:08:27]} Qd2 {[%emt 0:00:07]} 0-1